000 00648nam a22002177a 4500
003 UA-OsUOA
001 63429
007 ta
008 20091005b un ||||| |||| 00| 0 ukr d
100 _aЧервінський А.
090 _a330(477)
_bЧ-45
942 _cSA
040 _aUA-OsUOA
_bukr
_cUA-OsUOA
_dUA-OsUOA
245 _aФорум фінансової стабільності 2009. Підсумки для фінансового ринку
300 _aС.3
955 _a0
041 _aukr
080 _a330(477)
773 0 _w63428
_tУкраїна- business
_dК.
_d2009
_g43
650 7 _a330 Економіка взагалі
_2UDC
999 _c349546
_d349546